TABUADA DO 15 - Statistics

Estatísticas Gerais
  • Esse quiz foi jogado 82 vezes
  • A pontuação média é 20 de 21
Estatísticas das Respostas
Hint Resposta % Correto
15x0 0
100%
15x1 15
100%
15x2 30
100%
15x7 105
97%
15x8 120
97%
15x9 135
97%
15x10 150
97%
15x11 165
97%
15x12 180
97%
15x13 195
97%
15x3 45
97%
15x4 60
97%
15x5 75
97%
15x6 90
97%
15x14 210
95%
15x15 225
94%
15x16 240
94%
15x17 255
94%
15x20 300
94%
15x18 270
92%
15x19 285
92%
Nenhum quiz correspondente encontrado
Distribuição das Pontuações
Porcentagem de Pessoas com Cada Pontuação
Percentil de Números Respondidos
Sua Pontuação Histórica
Você não jogou esse quiz